| 000 | 01925 a2200241 4500 | ||
|---|---|---|---|
| 003 | UA-OsUOA | ||
| 005 | 20210303103414.0 | ||
| 008 | 210223b un ||||| |||| 00| 0 ukr d | ||
| 020 | _a9789665795742 | ||
| 040 |
_aUA-OsUOA _bukr _cUA-OsUOA _dUA-OsUOA |
||
| 041 | _aukr | ||
| 080 | _a82.09(477) | ||
| 090 |
_a82.09(477) _bГ83 |
||
| 100 | _aГригорчук М. | ||
| 245 |
_aКуди йдеш Україно? _bвідгуки, огляди, рецензії _cМикола Григорчук |
||
| 260 |
_aКиїв _bУкраїнський письменник _c2020 |
||
| 300 | _a280 с. | ||
| 520 | _aЦю книжку складають літературні відгуки, огляди та рецензії на актуальні твори письменників сучасності Марії Матіос, Віри Вовк, Романа Іваничука, Дмитра Павличка, Юрія Щербака, Богдана Гориня, Михайла Слабошпицького, Івана Корсака, Григорія Гусейнова, Василя Рубана, Ярослава Мельника, Софії Андрухович. Герої творів цих авторів діють за певних історичних обставин, що дозволить читачеві не тільки зануритись у минуле, а й проаналізувати сучасне та заглянути в майбутнє. Збірка містить чимало фактичного матеріалу, корисного для аналізу буття нашого народу та його історичної долі. | ||
| 650 |
_2UDC _a82 Література. Літературознавство |
||
| 942 |
_cBK _2udc |
||
| 955 | _a1 | ||
| 999 |
_c570279 _d570279 |
||